The films of Mae West /

Saved in:
Bibliografiske detaljer
Hovedforfatter: Tuska, Jon (Author)
Andre forfattere: Tyler, Parker
Format: Bog
Sprog:engelsk
Udgivet: Secaucus : The Citadel Press, 1975
Fag:
Tags: Tilføj Tag
Ingen Tags, Vær først til at tagge denne postø!

MARC

LEADER 00000nam a22000007i 4500
001 IT\ICCU\UBO\0130295
003 ItRI
005 20260115231822.0
008 941123s1975 xxu|||||| ||||| |||||c
020 |a 0806505028 
040 |b ita  |c importazione bologna sebina 
041 7 |a eng  |2 ISO-639-2 
082 |a 791.43028092  |9 CINEMA. Recitazione e recite. Persone  |2 20 
100 1 |a Tuska, Jon  |0 IT\ICCU\VEAV\018444  |4 aut 
245 1 4 |a The films of Mae West /  |c by Jon Tuska ; introduction by Parker Tyler. 
260 |a Secaucus :  |b The Citadel Press,  |c 1975 
300 |a 191 p. :  |b ill. ;  |c 28 cm. 
650 7 |a West, Mae 
700 1 |a Tyler, Parker  |0 IT\ICCU\RAVV\060627 
942 |2 ddc  |c BK  |n 0 
952 |0 0  |1 0  |4 0  |6 DOC_791_430000000000000_TUS  |7 0  |9 13483  |a BO  |b BO  |d 2026-01-15  |i 15847  |l 0  |o DOC 791.430 TUS  |p BO15847  |r 2026-01-15 23:18:22  |w 2026-01-15  |x [Sebina 5] [1 v.]  |y BK  |z 1 v. 
999 |c 11587  |d 11587